000
00370nam a2200133Ia 4500
008
100328s9999 xx 000 0 und d
082
_b
73755
100
_a
नायक श्रीकांत.
245
_a
मर्मभेद.
260
_b
ज्ञानदत्त.
630
_a
मर्मभेद.
730
_a
मर्मभेद.
942
_c
BOOK
999
_c
559476
_d
559473